Mathematical methods for physicists. A comprehensive guide

Guardat en:
Dades bibliogràfiques
Autors principals: Arfken, George B (Autor), Weber, Hans J (Autor), Harris, Frank E (Autor)
Format: Llibre
Idioma:anglès
Publicat: Amsterdam, Netherlands. Elsevier, 2013
Edició:Seventh edition
Matèries:
Etiquetes: Afegir etiqueta
Sense etiquetes, Sigues el primer a etiquetar aquest registre!

MARC

LEADER 00000cam a2200000 a 4500
001 UCF4099
003 CL-VaPUC
005 20240923165906.0
008 121122e20130000US |||||||||||||||||eng|d
999 |c 350076  |d 350074 
020 |a 9780123846549 
040 |c Pontificia Universidad Católica de Valparaíso 
082 0 4 |a 530.15 ARF 2013  |2 21 
100 0 |a Arfken, George B  |e author  |9 365 
245 1 0 |a Mathematical methods for physicists.  |b A comprehensive guide 
250 |a Seventh edition  
260 |a Amsterdam, Netherlands.  |b Elsevier,  |c 2013 
300 |a 1205 páginas  
583 |a last modification  |c 20121122 14:17:00  |k Rodrigo Vera 
650 0 |a Física matemática   |9 260981 
650 0 |a Análisis vectorial   |9 260451 
650 0 |a Matrices   |9 22 
650 0 |a Teoría de grupo  |2 CL-VaPUC  |9 536961 
650 0 |a Series infinitas  |9 270114 
650 0 |a Funciones (Matemáticas)  |9 338128 
650 0 |a Ecuaciones diferenciales  |9 260083 
700 0 |a Weber, Hans J  |e author  |9 565745 
700 |a Harris, Frank E  |e author  |9 565746 
942 |c BK  |2 ddc 
945 |d 20121122 00:00:00  |a cmena 
952 |0 0  |1 0  |4 0  |6 530_150000000000000_ARF_2013  |7 0  |8 A  |9 453064  |a BIBCUR  |b BIBCUR  |d 2019-11-22  |i 4924460  |l 12  |m 9  |o 530.15 ARF 2013  |p 4924460  |r 2025-05-06  |s 2025-04-21  |w 2019-11-22  |y BK  |k FIS 
952 |0 0  |1 0  |3 erd  |4 0  |6 530_150000000000000_ARF_2013  |7 0  |8 A  |9 453065  |a BIBCUR  |b BIBCUR  |i 5033888  |l 12  |m 8  |o 530.15 ARF 2013  |p 5033888  |r 2025-04-22  |s 2025-03-14  |w 2019-11-22  |y BK  |z Catalogado en:20131206  |k FIS 
952 |0 0  |1 0  |3 erd  |4 0  |6 530_150000000000000_ARF_2013  |7 0  |8 A  |9 453066  |a BIBCUR  |b BIBCUR  |d 2019-09-09  |e 1  |g 147728.00  |i 5560942  |l 20  |m 11  |o 530.15 ARF 2013  |p 5560942  |r 2025-04-25  |s 2025-04-23  |v 147728.00  |w 2019-11-22  |y BK  |z Catalogado en:20190914  |k FIS